000 nam a22 a 4500
999 _c154
_d154
003 AKMAL
005 20170421101329.0
008 170421t1990 my d 00 may d
020 _a9676902861
040 _aAKMAL
082 0 4 _a492.7043 HAB
090 _a492.7043
_bHAB
100 1 _aAl Habsyi, Husin
_9381
245 1 _aKamus al-kautsar lengkap Arab-Melayu = ... /
_cHusin Al-Habsyi
260 _aBatu Caves :
_bThinker's Library,
_c1995
300 _a564ms. :
_bil. ;
_c23cm
650 _aArabic language
_vDictionaries
_xMalay
_9360
942 _2ddc
_cBOOK